<?xml version="1.0" encoding="UTF-8"?><?xml-stylesheet type="text/xsl" href="static/style.xsl"?><OAI-PMH xmlns="http://www.openarchives.org/OAI/2.0/" xmlns:xsi="http://www.w3.org/2001/XMLSchema-instance" xsi:schemaLocation="http://www.openarchives.org/OAI/2.0/ http://www.openarchives.org/OAI/2.0/OAI-PMH.xsd"><responseDate>2026-04-18T07:19:19Z</responseDate><request verb="GetRecord" identifier="oai:www.recercat.cat:20.500.12694/7056" metadataPrefix="marc">https://recercat.cat/oai/request</request><GetRecord><record><header><identifier>oai:recercat.cat:20.500.12694/7056</identifier><datestamp>2025-12-18T12:09:47Z</datestamp><setSpec>com_2072_179042</setSpec><setSpec>col_2072_484474</setSpec></header><metadata><record xmlns="http://www.loc.gov/MARC21/slim" xmlns:dcterms="http://purl.org/dc/terms/" xmlns:xsi="http://www.w3.org/2001/XMLSchema-instance" xmlns:doc="http://www.lyncode.com/xoai" xsi:schemaLocation="http://www.loc.gov/MARC21/slim http://www.loc.gov/standards/marcxml/schema/MARC21slim.xsd">
   <leader>00925njm 22002777a 4500</leader>
   <datafield ind2=" " ind1=" " tag="042">
      <subfield code="a">dc</subfield>
   </datafield>
   <datafield ind2=" " ind1=" " tag="720">
      <subfield code="a">Sancho Fernández, David</subfield>
      <subfield code="e">author</subfield>
   </datafield>
   <datafield ind2=" " ind1=" " tag="260">
      <subfield code="c">2014-02-25</subfield>
   </datafield>
   <datafield ind2=" " ind1=" " tag="520">
      <subfield code="a">En el present projecte “La Trompeta a la Comunitat Valenciana” es pretén donar la visió global de la trompeta dins de la història de la música i, més específicament, dins de València. El treball inclou un apartat explicatiu dels millors mestres i pedagogs de l'instrument, l'ascendent història de les bandes en aquesta Comunitat, el repertori i la influència que tenen els compositors d'aquesta terra per a la trompeta, i l'anàlisi de les obres escollides.</subfield>
   </datafield>
   <datafield ind2=" " ind1=" " tag="520">
      <subfield code="a">En el presente proyecto “La Trompeta en la C. Valenciana” se pretende dar la visión global de la trompeta dentro de la historia de la música , y más específicamente dentro de Valencia. El trabajo incluye un apartado explicativo de los mejores maestros y pedagogos del instrumento, la ascendente historia de las bandas en esta Comunidad, el repertorio y la influencia que tienen los compositores de esta tierra para la trompeta, y el análisis de las obras escogidas.</subfield>
   </datafield>
   <datafield ind2=" " ind1=" " tag="520">
      <subfield code="a">In this project, “The Trumpet in C. Valenciana,” the aim is to provide a global vision of the trumpet in the history of music and, more specifically, within Valencia. The paper includes a section explaining the best teachers and pedagogues of the instrument, the ascendant history of the bands in this community, the repertoire and the influence of the composers of this region on the trumpet, and an analysis of the selected works.</subfield>
   </datafield>
   <datafield ind1="8" ind2=" " tag="024">
      <subfield code="a">http://hdl.handle.net/20.500.12694/7056</subfield>
   </datafield>
   <datafield tag="653" ind2=" " ind1=" ">
      <subfield code="a">TFG Música clàssica i contemporània</subfield>
   </datafield>
   <datafield tag="653" ind2=" " ind1=" ">
      <subfield code="a">Trompeta--Història--País Valencià</subfield>
   </datafield>
   <datafield tag="653" ind2=" " ind1=" ">
      <subfield code="a">Trompeta, Música per a--Anàlisi i apreciació</subfield>
   </datafield>
   <datafield tag="653" ind2=" " ind1=" ">
      <subfield code="a">Bandes (Música)--País Valencià</subfield>
   </datafield>
   <datafield ind2="0" ind1="0" tag="245">
      <subfield code="a">La trompeta en la Comunidad Valenciana: historia de la trompeta, la banda, compositores valencianos del s. XX</subfield>
   </datafield>
</record></metadata></record></GetRecord></OAI-PMH>